| 000 | 01101nam a22003255a 4500 | ||
|---|---|---|---|
| 001 | 16005945 | ||
| 005 | 20201128024050.0 | ||
| 008 | 091203s2014 njua frb 001 0 eng d | ||
| 010 | _a 2009047686 | ||
| 020 | _a8126551976 | ||
| 020 | _a9788126551972 | ||
| 035 | _a(OCoLC)ocn473651230 | ||
| 040 |
_aEG-ScBUE _beng _cEG-ScBUE _dC#P _dYDXCP _dBWX _dCDX _dDEBBG _dDLC _dDLC |
||
| 082 | 0 | 4 |
_222 _a620.001171 _bJAI |
| 100 | 1 |
_aJain, Shailendra. _941721 |
|
| 245 | 1 | 0 |
_aModeling and simulation using MATLAB - Simulink / _cShailendra Jain |
| 260 |
_aNew Delhi : _bWiley India Pvt. Ltd., _cc.2014. |
||
| 300 |
_axxi, 696p. : _bill. ; _c27 cm. + _e1 CD-ROM (4 3/4 in.) |
||
| 500 | _aIndex : p. 689-696. | ||
| 504 | _aBibliography : p. 687. | ||
| 590 | _aWessam | ||
| 630 | 0 | 0 |
_aMATLAB. _9826 |
| 650 | 7 |
_aSystems engineering _xData processing. _2BUEsh _941718 |
|
| 650 | 7 |
_aSystems engineering _xComputer programs. _2BUEsh _941719 |
|
| 650 | 7 |
_aComputer simulation. _2BUEsh _95817 |
|
| 651 | _2BUEsh | ||
| 653 |
_bENGELC _cDecember2016 |
||
| 653 |
_bCOMSCI _cDecember2016 |
||
| 942 |
_2ddc _e22 _k620.001171 JAI |
||
| 999 |
_c23545 _d23517 |
||